| 000 | 00887nas a2200289 4500 | ||
|---|---|---|---|
| 001 | BR2019000197 | ||
| 003 | BR-BrBNA | ||
| 005 | 20231205131544.0 | ||
| 007 | ta | ||
| 008 | 230509b bl.|||p| |||| 00| 00por d | ||
| 040 |
_aBR-BrBNA _bpor _cBiblioteca Nacional de Agricultura |
||
| 041 | _a(En) | ||
| 072 | _aF60 | ||
| 100 | 1 | _aModolo, V.A. | |
| 100 | 1 | _aErismann, N.M. | |
| 100 | 1 | _aTucci, M.L.S. | |
| 245 | 1 | _aGas exchange in gariroba palms grown under subtropical conditions | |
| 650 | _aGUARIROBA | ||
| 650 | _aBIOQUÍMICA | ||
| 650 | _aGÁS | ||
| 650 | _aFISIOLOGIA VEGETAL | ||
| 650 | _aFOTOSSÍNTESE | ||
| 773 | 0 |
_tHorticultura Brasileira (Brazil) _xISSN 1806-9991 _g(Apr-Jun 2018), v. 36(2) p. 211-216 _wBR2019000197 |
|
| 856 | 4 | 0 | _uhttp://www.scielo.br/pdf/hb/v36n2/1806-9991-hb-36-02-211.pdf |
| 909 |
_a202311 _bLúcia _c55 _dLúcia Elande |
||
| 942 |
_2AGRIS _n0 _cANA |
||
| 999 |
_c255430 _d255430 |
||